| 000 | 00548nam a2200181Ia 4500 | ||
|---|---|---|---|
| 005 | 20250326143634.0 | ||
| 008 | 250326s9999 xx 000 0 und d | ||
| 037 | _aTextbook | ||
| 040 |
_aFMSL _beng _cFMSL |
||
| 041 |
_aeng _2eng |
||
| 084 |
_aX.41 P5 _qFMSL |
||
| 100 |
_aMitcham C J _9748305 |
||
| 245 | 0 |
_aChina's economic relations with the west and Japan, 1949-79 : Grain, trade and diplomacy _cMitcham C J |
|
| 260 |
_aLondon _bLondon, Routledge _c2005 |
||
| 300 | _a280p | ||
| 942 |
_cTB _hX.41 P5 |
||
| 999 |
_c1300389 _d1300389 |
||